01042cam a2200277 4500001000400000003000800004005001700012008004100029035001700070035002000087040003800107041000800145082002400153100003300177245011000210250001200320260006700332300002500399504002000424650004300444650004000487651007100527942001200598999001300610952014100623790BD-RjUL20211208233230.0131123s1970 pk b 001 0 eng d a(BD-RjUL)810 a(OCoLC)00140839 aDLCcDLCdm.c.dRCDdBD-RjULbeng aeng a320.95491bAZH 19701 aAziz, Khursheed Kamal.9236114aThe historical background of Pakistan, 1857-1947;ban annotated digest of source materialcby K. K. Aziz. a1st ed. aKarachi :bPakistan Institute of International Affairs;c1970. axi, 626 p. ;c25 cm. aIncludes index. 0aPakistan movementvBibliography.92362 0aMuslimszIndiavBibliography.92363 0aIndiaxHistoryyBritish occupation, 1765-1947vBibliography.92364 2ddccBK c790d790 00102ddc40708NFICaRUCLbRUCLcstackd1971-02-15eZeitlingerg45.00l0o320.95491 AZH 1970r2013-11-23 00:00:00tC-3w2013-11-23yBK